Sarmaya Dar Tabqa Pakistan ky Masail aur un ka Hal / (Record no. 525855)
[ view plain ]
| 000 -LEADER | |
|---|---|
| fixed length control field | 00595nam a22001817a 4500 |
| 003 - CONTROL NUMBER IDENTIFIER | |
| control field | NUST |
| 020 ## - INTERNATIONAL STANDARD BOOK NUMBER | |
| Qualifying information | PB/K |
| 038 ## - RECORD CONTENT LICENSOR | |
| Staff Name | Faiza |
| 082 ## - DEWEY DECIMAL CLASSIFICATION NUMBER | |
| Classification number | 330.95491 |
| Author Mark | BUT |
| 100 ## - MAIN ENTRY--PERSONAL NAME | |
| Personal name | But, Nasiruddin |
| 9 (RLIN) | 16800 |
| 245 ## - TITLE STATEMENT | |
| Title | Sarmaya Dar Tabqa Pakistan ky Masail aur un ka Hal / |
| Statement of responsibility, etc. | Nasiruddin But |
| 260 ## - PUBLICATION, DISTRIBUTION, ETC. | |
| Place of publication, distribution, etc. | Lahore : |
| Name of publisher, distributor, etc. | Don Books, |
| Date of publication, distribution, etc. | 2001. |
| 300 ## - PHYSICAL DESCRIPTION | |
| Extent | 114 p. ; |
| 880 ## - ALTERNATE GRAPHIC REPRESENTATION | |
| Linkage | 100-01\r |
| Title | نصیرالدین بٹ |
| 880 ## - ALTERNATE GRAPHIC REPRESENTATION | |
| Linkage | 245-02\r |
| Title | سرمایہ دار طبقہ پاکستان کے مسائل اور اُن کا حل / |
| 880 ## - ALTERNATE GRAPHIC REPRESENTATION | |
| Linkage | 260-03\r |
| Title | لاہور : |
| b | ڈان بُکس, |
| c | ۲۰۰۱. |
| 942 ## - ADDED ENTRY ELEMENTS (KOHA) | |
| Source of classification or shelving scheme | |
| Koha item type | Book |
| Withdrawn status | Lost status | Source of classification or shelving scheme | Damaged status | Not for loan | Permanent Location | Current Location | Date acquired | Total Checkouts | Full call number | Barcode | Date last seen | Price effective from | Koha item type |
|---|---|---|---|---|---|---|---|---|---|---|---|---|---|
| Central Library (CL) | Central Library (CL) | 07/05/2019 | 330.95491 BUT | CL-E-1017 | 07/05/2019 | 07/05/2019 | Book |
